| 000 | 00690nam a2200253Ia 4500 | ||
|---|---|---|---|
| 003 | OSt | ||
| 005 | 20220918163351.0 | ||
| 006 | a|||||r|||| 00| 0 | ||
| 007 | ta | ||
| 008 | 220917b |||||||| |||| 00| 0 eng d | ||
| 020 | _a0 7011 0956 4 | ||
| 024 | _a21,248 | ||
| 037 | _cTextual | ||
| 040 |
_aARTS _cARTS _beng |
||
| 041 |
_2eng _aeng |
||
| 082 | _aO111,3M12:g, K5 | ||
| 100 |
_aMarcus Steven _912800 |
||
| 245 | 0 |
_aDickens _b from Pickwick to Dombey Steven Marcus |
|
| 260 |
_aLondon _bChatto & Windus UK _c1965 |
||
| 300 |
_a389p. _ccm. |
||
| 650 | _aENGLISH LITERATURE | ||
| 942 |
_hO111,3M12:g, K5 _cTEXL _2CC |
||
| 999 |
_c119221 _d119221 |
||